Normal view
MARC view
- Patrick O Connor
Entry Personal Name
001 - CONTROL NUMBER
- control field: 2072
003 - CONTROL NUMBER IDENTIFIER
- control field: NUST
005 - DATE AND TIME OF LATEST TRANSACTION
- control field: 20170606123444.0
008 - FIXED-LENGTH DATA ELEMENTS
- fixed length control field: 170606|| aca||aabn | a|a d
040 ## - CATALOGING SOURCE
- Original cataloging agency: NUST
- Transcribing agency: NUST
100 ## - HEADING--PERSONAL NAME
- Personal name: Patrick O Connor
670 ## - SOURCE DATA FOUND
- Source citation: Work cat.: (NUST)23716: Patrick O Connor , Digital and Microoprocessor Technology , c1983
